000 00436nam a2200181Ia 4500
001 9415
005 20260306161716.0
008 260306t2015||||xx |||||||||||||| ||spa||
041 _aESP
082 _a378.85
_bM86
100 _aMora Zevallos, Daniel
_eAUT
245 0 _aLos desafíos de la universidad peruana
260 _c2015
300 _a277 páginas :
_c24 cm.
650 _aGEN
654 _aCHU
942 _cLIB
_dJUS
_fJUS
_2ddc
_n
999 _c9415
_d9415